<?xml version="1.0" encoding="UTF-8"?>
<record
    xmlns:xsi="http://www.w3.org/2001/XMLSchema-instance"
    xsi:schemaLocation="http://www.loc.gov/MARC21/slim http://www.loc.gov/standards/marcxml/schema/MARC21slim.xsd"
    xmlns="http://www.loc.gov/MARC21/slim">

  <leader>00817cam a22002411  4500</leader>
  <controlfield tag="001">sa 68000835 </controlfield>
  <controlfield tag="003">DLC</controlfield>
  <controlfield tag="005">20260227112427.0</controlfield>
  <controlfield tag="008">881102s1966    ii a     b    000 0 hin  </controlfield>
  <datafield tag="010" ind1=" " ind2=" ">
    <subfield code="a">sa 68000835 </subfield>
  </datafield>
  <datafield tag="035" ind1=" " ind2=" ">
    <subfield code="a">(OCoLC)23550596</subfield>
  </datafield>
  <datafield tag="040" ind1=" " ind2=" ">
    <subfield code="a">DLC</subfield>
    <subfield code="c">MiU</subfield>
    <subfield code="d">NRU</subfield>
    <subfield code="d">DLC</subfield>
  </datafield>
  <datafield tag="042" ind1=" " ind2=" ">
    <subfield code="a">premarc</subfield>
  </datafield>
  <datafield tag="050" ind1="0" ind2="0">
    <subfield code="a">PK2057</subfield>
    <subfield code="b">.K34</subfield>
  </datafield>
  <datafield tag="245" ind1="0" ind2="0">
    <subfield code="a">Kavindra-candrik&#x101;;</subfield>
    <subfield code="b">Kavindr&#x101;c&#x101;rya Sarasvat&#x12B; Hind&#x12B; abhinandana grantha.</subfield>
    <subfield code="c">Samp&#x101;daka Kr&#x325;sh&#x1E47;a Div&#x101;kara.</subfield>
  </datafield>
  <datafield tag="250" ind1=" " ind2=" ">
    <subfield code="a">[1. sa&#x1E43;skara&#x1E47;a]</subfield>
  </datafield>
  <datafield tag="260" ind1=" " ind2=" ">
    <subfield code="a">Pu&#x1E47;e,</subfield>
    <subfield code="b">Mah&#x101;r&#x101;sh&#x1E6D;ra R&#x101;sh&#x1E6D;rabh&#x101;sh&#x101; Sabh&#x101;</subfield>
    <subfield code="c">[1966]</subfield>
  </datafield>
  <datafield tag="300" ind1=" " ind2=" ">
    <subfield code="a">1 v. (various pagings)</subfield>
    <subfield code="b">illus.</subfield>
    <subfield code="c">23 cm.</subfield>
  </datafield>
  <datafield tag="504" ind1=" " ind2=" ">
    <subfield code="a">Bibliographical footnotes.</subfield>
  </datafield>
  <datafield tag="650" ind1=" " ind2="0">
    <subfield code="a">Hindi poetry.</subfield>
  </datafield>
  <datafield tag="600" ind1="0" ind2="0">
    <subfield code="a">Kav&#x12B;ndr&#x101;c&#x101;rya,</subfield>
    <subfield code="d">approximately 1600-approximately 1675.</subfield>
  </datafield>
  <datafield tag="700" ind1="1" ind2=" ">
    <subfield code="a">Div&#x101;kara, Kr&#x325;sh&#x1E47;a,</subfield>
    <subfield code="d">1902-1973.</subfield>
  </datafield>
  <datafield tag="999" ind1=" " ind2=" ">
    <subfield code="c">77489</subfield>
    <subfield code="d">77489</subfield>
  </datafield>
</record>
